[Event "IECG CP.2003.P.00012 email"]
[Site "IECG email"]
[Date "2003.10.01"]
[Round "?"]
[White "Francisco, Raul R"]
[Black "Orsolic, Marijan"]
[Result "0-1"]
[WhiteElo "2001"]
[BlackElo "1979"]
[PlyCount "50"]
[EventDate "2003.10.01"]
[EventType "tourn (corr)"]
[EventRounds "6"]
[EventCountry "GER"]
[SourceTitle "Corr 2008"]
[Source "ChessBase"]
[SourceDate "2008.06.24"]
[SourceVersion "1"]
[SourceVersionDate "2008.06.24"]
[SourceQuality "1"]

1. d4 Nf6 2. c4 g6 3. Nc3 Bg7 4. e4 d6 5. f4 0-0 6. Be2 c5 7. Nf3 cxd4 8. Nxd4 Nc6 9. Be3 Ng4 10. Bxg4 Bxd4 11. Bxd4 Bxg4 12. Qd2 Nxd4 13. Qxd4 e5 14. fxe5 Qh4+ 15. g3 dxe5 16. Qxe5 Qh3 17. Kf2 f5 18. Qd5+ Rf7 19. e5 f4 20. gxf4 Raf8 21. Ne2 Kg7 22. Qe4 Bxe2 23. Kxe2 Rxf4 24. Qxb7+ Kh6 25. Raf1 Rxf1 0-1

[Event "IECG CP.2003.P.00012 email"]
[Site "IECG email"]
[Date "2003.10.01"]
[Round "?"]
[White "Krueger, Hilmar"]
[Black "Francisco, Raul R"]
[Result "1-0"]
[WhiteElo "2314"]
[BlackElo "2001"]
[PlyCount "55"]
[EventDate "2003.10.01"]
[EventType "tourn (corr)"]
[EventRounds "6"]
[EventCountry "GER"]
[SourceTitle "Corr 2008"]
[Source "ChessBase"]
[SourceDate "2008.06.24"]
[SourceVersion "1"]
[SourceVersionDate "2008.06.24"]
[SourceQuality "1"]

1. e4 c5 2. Nf3 d6 3. d4 cxd4 4. Nxd4 Nf6 5. Nc3 a6 6. f3 e5 7. Nb3 Be6 8. Be3 Be7 9. Qd2 Nbd7 10. g4 b5 11. a4 b4 12. Nd5 Bxd5 13. exd5 Qc7 14. g5 Nh5 15. 0-0-0 a5 16. Bb5 0-0 17. Rhe1 f5 18. Bc6 Rad8 19. Qe2 f4 20. Bf2 Bxg5 21. Qa6 Nb8 22. Qxa5 Qxa5 23. Nxa5 Rc8 24. Bb5 Bd8 25. Nc4 Bc7 26. a5 b3 27. Re2 e4 28. fxe4 1-0

[Event "IECG RH.2003.0.00009 email"]
[Site "IECG email"]
[Date "2003.09.25"]
[Round "?"]
[White "Francisco, Raul R"]
[Black "Krueger, Hilmar"]
[Result "0-1"]
[WhiteElo "2001"]
[BlackElo "2314"]
[PlyCount "55"]
[EventDate "2003.09.25"]
[EventType "tourn (corr)"]
[EventRounds "6"]
[SourceTitle "Corr 2008"]
[Source "ChessBase"]
[SourceDate "2008.06.24"]
[SourceVersion "1"]
[SourceVersionDate "2008.06.24"]
[SourceQuality "1"]

1. d4 Nf6 2. c4 g6 3. Nc3 d5 4. cxd5 Nxd5 5. e4 Nxc3 6. bxc3 Bg7 7. Bc4 c5 8. Ne2 0-0 9. 0-0 Nc6 10. Be3 cxd4 11. cxd4 Bg4 12. f3 Bd7 13. Rc1 Na5 14. Bd3 e6 15. Qd2 Nc6 16. Bg5 f6 17. Bh4 a6 18. a4 Qa5 19. Qxa5 Nxa5 20. Be1 b6 21. Bxa5 bxa5 22. Rc5 Rfb8 23. Rxa5 Rb6 24. Rb1 Rxb1+ 25. Bxb1 Bf8 26. Bd3 Bc8 27. Bc4 Bb4 28. Rd5 0-1

[Event "IECG RH.2003.0.00009 email"]
[Site "IECG email"]
[Date "2003.09.25"]
[Round "?"]
[White "Petrov, Milen Stoyanov"]
[Black "Francisco, Raul R"]
[Result "1-0"]
[WhiteElo "2054"]
[BlackElo "2001"]
[PlyCount "45"]
[EventDate "2003.09.25"]
[EventType "tourn (corr)"]
[EventRounds "6"]
[SourceTitle "Corr 2008"]
[Source "ChessBase"]
[SourceDate "2008.06.24"]
[SourceVersion "1"]
[SourceVersionDate "2008.06.24"]
[SourceQuality "1"]

1. e4 c5 2. Nf3 d6 3. d4 cxd4 4. Nxd4 Nf6 5. Nc3 a6 6. Bg5 e6 7. f4 Qb6 8. Bxf6 gxf6 9. Be2 Qxb2 10. Na4 Qa3 11. c3 Nd7 12. 0-0 b5 13. Bh5 Qxa4 14. Bxf7+ Kd8 15. Nxe6+ Ke7 16. Qh5 Qc4 17. e5 dxe5 18. Rad1 Bg7 19. Nxg7 Qxf7 20. Nf5+ Kf8 21. Qh6+ Kg8 22. Rf3 exf4 23. Qxf4 1-0

[Event "IECG CM.2003.0.00230 email"]
[Site "IECG email"]
[Date "2003.09.03"]
[Round "?"]
[White "Francisco, Raul R"]
[Black "Skeels, James B"]
[Result "0-1"]
[WhiteElo "2200"]
[BlackElo "2226"]
[PlyCount "66"]
[EventDate "2003.09.03"]
[EventType "tourn (corr)"]
[EventRounds "6"]
[SourceTitle "Corr 2008"]
[Source "ChessBase"]
[SourceDate "2008.06.24"]
[SourceVersion "1"]
[SourceVersionDate "2008.06.24"]
[SourceQuality "1"]

1. e4 c5 2. Nf3 d6 3. d4 cxd4 4. Nxd4 Nf6 5. Nc3 a6 6. Be3 Ng4 7. Bg5 h6 8. Bh4 g5 9. Bg3 Bg7 10. Qd2 Nc6 11. Nb3 Nge5 12. Be2 b5 13. 0-0-0 Rb8 14. Bxe5 Nxe5 15. Nd4 e6 16. f4 gxf4 17. Qxf4 b4 18. Nb1 Qa5 19. Qg3 0-0 20. a3 Bb7 21. Nb3 Qc7 22. axb4 Bxe4 23. Nc3 Rxb4 24. Nxe4 Rxe4 25. Bxa6 Ra8 26. Bd3 Rg4 27. Qh3 Ra2 28. Rhf1 Rxb2 29. Rd2 Nxd3+ 30. Qxd3 Rc4 31. Kd1 d5 32. Ke1 Qxh2 33. Qf3 Rb1+ 0-1

[Event "IECG CM.2003.0.00226 email"]
[Site "IECG email"]
[Date "2003.07.05"]
[Round "?"]
[White "Francisco, Raul R"]
[Black "Alava Moreno, Fausto"]
[Result "0-1"]
[WhiteElo "2207"]
[BlackElo "2269"]
[PlyCount "52"]
[EventDate "2003.07.05"]
[EventType "tourn (corr)"]
[EventRounds "6"]
[SourceTitle "Corr 2008"]
[Source "ChessBase"]
[SourceDate "2008.06.24"]
[SourceVersion "1"]
[SourceVersionDate "2008.06.24"]
[SourceQuality "1"]

1. c4 e6 2. Nc3 d5 3. d4 c6 4. e4 dxe4 5. Nxe4 Bb4+ 6. Bd2 Qxd4 7. Bxb4 Qxe4+ 8. Ne2 Na6 9. Bf8 Ne7 10. Bxg7 Nb4 11. Bxh8 e5 12. Qd6 Nc2+ 13. Kd2 Bf5 14. Rd1 Rd8 15. Qxd8+ Kxd8 16. Ng3 Qf4+ 17. Kc3+ Nd5+ 18. Kb3 Nd4+ 19. Rxd4 Qxd4 20. cxd5 Bd3 21. a4 Qc4+ 22. Ka3 b5 23. Bf6+ Ke8 24. axb5 cxb5 25. b4 Qc1+ 26. Ka2 Bb1+ 0-1

[Event "IECG CM.2003.0.00226 email"]
[Site "IECG email"]
[Date "2003.07.05"]
[Round "?"]
[White "Francisco, Raul R"]
[Black "Ibar, Marcelo Rodolfo"]
[Result "1/2-1/2"]
[WhiteElo "2207"]
[BlackElo "2251"]
[PlyCount "73"]
[EventDate "2003.07.05"]
[EventType "tourn (corr)"]
[EventRounds "6"]
[SourceTitle "Corr 2008"]
[Source "ChessBase"]
[SourceDate "2008.06.24"]
[SourceVersion "1"]
[SourceVersionDate "2008.06.24"]
[SourceQuality "1"]

1. e4 c5 2. Nf3 d6 3. d4 cxd4 4. Nxd4 Nf6 5. Nc3 a6 6. Be3 e5 7. Nb3 Be6 8. f3 Be7 9. Qd2 0-0 10. 0-0-0 b5 11. g4 Nbd7 12. g5 b4 13. gxf6 bxc3 14. Qxc3 Nxf6 15. Rg1 Kh8 16. Kb1 Qb8 17. Qe1 d5 18. exd5 Nxd5 19. Qg3 g6 20. Bg5 Qc7 21. Bxe7 Nxe7 22. Re1 f6 23. Bd3 Rac8 24. Qf2 a5 25. Ba6 Ra8 26. Qc5 Ra7 27. Qxc7 Rxc7 28. Re4 Rd8 29. Ra4 Bxb3 30. axb3 Rd2 31. Bd3 Rc5 32. h4 Nd5 33. h5 g5 34. Rh1 Nb4 35. Be4 h6 36. Rg1 Kg8 37. Rh1 1/2-1/2

[Event "IECG CM.2003.0.00226 email"]
[Site "IECG email"]
[Date "2003.07.05"]
[Round "?"]
[White "Lifshitz, Samuel"]
[Black "Francisco, Raul R"]
[Result "1/2-1/2"]
[WhiteElo "2211"]
[BlackElo "2207"]
[PlyCount "67"]
[EventDate "2003.07.05"]
[EventType "tourn (corr)"]
[EventRounds "6"]
[SourceTitle "Corr 2008"]
[Source "ChessBase"]
[SourceDate "2008.06.24"]
[SourceVersion "1"]
[SourceVersionDate "2008.06.24"]
[SourceQuality "1"]

1. e4 e5 2. Bc4 Nf6 3. d4 exd4 4. Nf3 Nc6 5. 0-0 Nxe4 6. Re1 d5 7. Nc3 dxc3 8. Bxd5 Be6 9. Bxe4 Qxd1 10. Rxd1 cxb2 11. Bxb2 f6 12. Re1 Kf7 13. Bc3 Be7 14. Rab1 Rab8 15. a4 a6 16. a5 Bc5 17. h3 g6 18. g4 Rhd8 19. g5 Be7 20. gxf6 Bxf6 21. Bxf6 Kxf6 22. Ng5 Kxg5 23. Bxc6 Bxh3 24. Rxb7 Rxb7 25. Bxb7 Kf6 26. Re3 Bc8 27. Bxc8 Rxc8 28. Rb3 Ke5 29. Rb7 g5 30. Ra7 Rd8 31. Rxa6 Rd1+ 32. Kg2 Ra1 33. Ra8 Kd6 34. a6 1/2-1/2

[Event "IECG CM.2003.0.00226 email"]
[Site "IECG email"]
[Date "2003.07.05"]
[Round "?"]
[White "Marcotulli, Giancarlo"]
[Black "Francisco, Raul R"]
[Result "1-0"]
[WhiteElo "2274"]
[BlackElo "2207"]
[PlyCount "65"]
[EventDate "2003.07.05"]
[EventType "tourn (corr)"]
[EventRounds "6"]
[SourceTitle "Corr 2008"]
[Source "ChessBase"]
[SourceDate "2008.06.24"]
[SourceVersion "1"]
[SourceVersionDate "2008.06.24"]
[SourceQuality "1"]

1. e4 c5 2. Nf3 d6 3. d4 cxd4 4. Nxd4 Nf6 5. Nc3 a6 6. Bg5 e6 7. f4 Be7 8. Qf3 Qc7 9. 0-0-0 Nbd7 10. g4 b5 11. Bxf6 Nxf6 12. g5 Nd7 13. f5 Bxg5+ 14. Kb1 Ne5 15. Qh5 Qd8 16. Rg1 h6 17. fxe6 g6 18. exf7+ Kxf7 19. Qe2 Kg7 20. h4 Bxh4 21. Nf5+ Bxf5 22. exf5 Rf8 23. Bh3 Bg5 24. Ne4 Nc4 25. b3 Na3+ 26. Kb2 Qe7 27. Rxg5 hxg5 28. Rxd6 Qe5+ 29. c3 Nc4+ 30. bxc4 Rfe8 31. Rxg6+ Kf8 32. Qh5 Rab8 33. Qh6+ 1-0

[Event "IECG CM.2003.0.00226 email"]
[Site "IECG email"]
[Date "2003.07.05"]
[Round "?"]
[White "Scacco, Mauro"]
[Black "Francisco, Raul R"]
[Result "1-0"]
[WhiteElo "2206"]
[BlackElo "2207"]
[PlyCount "47"]
[EventDate "2003.07.05"]
[EventType "tourn (corr)"]
[EventRounds "6"]
[SourceTitle "Corr 2008"]
[Source "ChessBase"]
[SourceDate "2008.06.24"]
[SourceVersion "1"]
[SourceVersionDate "2008.06.24"]
[SourceQuality "1"]

1. d4 d5 2. Nf3 Nf6 3. c4 c6 4. cxd5 cxd5 5. Nc3 Nc6 6. Bf4 a6 7. e3 Bg4 8. h3 Bh5 9. g4 Bg6 10. Qb3 Na5 11. Qa4+ Nc6 12. Ne5 Qb6 13. Bb5 Rc8 14. Bxc6+ bxc6 15. Qb3 Qxb3 16. axb3 e6 17. Rxa6 c5 18. Ke2 Be7 19. Rha1 cxd4 20. exd4 0-0 21. Nc6 Bd8 22. b4 Ne4 23. f3 Nxc3+ 24. bxc3 1-0

[Event "IECG RH.2003.0.00006 email"]
[Site "IECG email"]
[Date "2003.05.15"]
[Round "?"]
[White "Francisco, Raul R"]
[Black "Sekret, Roman"]
[Result "1/2-1/2"]
[WhiteElo "2207"]
[BlackElo "2000"]
[PlyCount "55"]
[EventDate "2003.05.15"]
[EventType "tourn (corr)"]
[EventRounds "6"]
[SourceTitle "Corr 2008"]
[Source "ChessBase"]
[SourceDate "2008.06.24"]
[SourceVersion "1"]
[SourceVersionDate "2008.06.24"]
[SourceQuality "1"]

1. e4 c5 2. c3 Nf6 3. e5 Nd5 4. d4 cxd4 5. cxd4 Nc6 6. Bc4 Nb6 7. Bb3 d6 8. Nf3 dxe5 9. Nxe5 Nxe5 10. dxe5 Qxd1+ 11. Bxd1 Bd7 12. Bf3 Nc4 13. Bxb7 Rb8 14. Be4 Nxe5 15. Nc3 e6 16. 0-0 Bc5 17. Rb1 Rc8 18. Bf4 Bd6 19. g3 Nc4 20. Bxd6 Nxd6 21. Bg2 Ke7 22. Rfe1 Bc6 23. Rbd1 Rhd8 24. Re2 Bxg2 25. Kxg2 Nf5 26. Rxd8 Rxd8 27. g4 Nd4 28. Re5 1/2-1/2

[Event "IECG CM.2003.0.00221 email"]
[Site "IECG email"]
[Date "2003.05.08"]
[Round "?"]
[White "Francisco, Raul R"]
[Black "Kubishin, Sergey"]
[Result "1-0"]
[WhiteElo "2207"]
[BlackElo "2241"]
[PlyCount "41"]
[EventDate "2003.05.08"]
[EventType "tourn (corr)"]
[EventRounds "6"]
[SourceTitle "Corr 2008"]
[Source "ChessBase"]
[SourceDate "2008.06.24"]
[SourceVersion "1"]
[SourceVersionDate "2008.06.24"]
[SourceQuality "1"]

1. e4 d5 2. exd5 Qxd5 3. Nc3 Qa5 4. d4 Nf6 5. Bc4 Bg4 6. f3 Bf5 7. Bd2 c6 8. g4 Bg6 9. f4 b5 10. Nxb5 Qb6 11. Nc3 Be4 12. Nf3 Qxb2 13. Nxe4 Nxe4 14. Rb1 Qa3 15. 0-0 Nxd2 16. Qxd2 Nd7 17. Ne5 Nxe5 18. fxe5 e6 19. Qf4 Qe7 20. Ba6 Rd8 21. Bb7 1-0

[Event "IECG QM.2003.0.00058 email"]
[Site "IECG email"]
[Date "2003.05.05"]
[Round "?"]
[White "Francisco, Raul R"]
[Black "Alagna, Luciano"]
[Result "0-1"]
[WhiteElo "2207"]
[BlackElo "2385"]
[PlyCount "86"]
[EventDate "2003.05.05"]
[EventType "tourn (corr)"]
[EventRounds "6"]
[SourceTitle "Corr 2008"]
[Source "ChessBase"]
[SourceDate "2008.06.24"]
[SourceVersion "1"]
[SourceVersionDate "2008.06.24"]
[SourceQuality "1"]

1. e4 c5 2. f4 d5 3. Nc3 dxe4 4. Nxe4 e6 5. Nf3 Nf6 6. Nf2 g6 7. Bc4 Bg7 8. 0-0 0-0 9. d3 Nc6 10. Qe2 b6 11. Bd2 Bb7 12. Bc3 Nd4 13. Nxd4 cxd4 14. Bb4 Re8 15. Ng4 a6 16. a4 Bd5 17. Ne5 Qc7 18. Bd2 b5 19. axb5 axb5 20. Bxb5 Rxa1 21. Rxa1 Rb8 22. Bc4 Rxb2 23. Bc1 Rb8 24. Bd2 Bxc4 25. Nxc4 Nd5 26. Qe4 Qc5 27. Qe1 h6 28. Qc1 Qc6 29. f5 exf5 30. Bxh6 Ne3 31. Bxe3 dxe3 32. Rb1 Rxb1 33. Qxb1 e2 34. Qb8+ Kh7 35. Kf2 Bc3 36. Kxe2 Qxg2+ 37. Ke3 Qg1+ 38. Ke2 Qe1+ 39. Kf3 Bd4 40. Qg8+ Kxg8 41. Ne3 Qxe3+ 42. Kg2 Qe2+ 43. Kg3 Qg4# 0-1

[Event "IECC Swiss email"]
[Site "IECC email"]
[Date "2003.03.29"]
[Round "?"]
[White "Owen, Keith"]
[Black "Francisco, Raul R"]
[Result "0-1"]
[WhiteElo "1350"]
[BlackElo "1963"]
[PlyCount "70"]
[EventDate "2003.??.??"]
[EventType "tourn (corr)"]
[EventRounds "6"]
[SourceTitle "Corr 2008"]
[Source "ChessBase"]
[SourceDate "2008.06.24"]
[SourceVersion "1"]
[SourceVersionDate "2008.06.24"]
[SourceQuality "1"]

1. e4 e6 2. g3 d5 3. exd5 exd5 4. d4 Bd6 5. Nc3 Nf6 6. Bg5 c6 7. Qe2+ Be6 8. Bh3 Qe7 9. Bxe6 fxe6 10. 0-0-0 0-0 11. Nf3 h6 12. Bxf6 Qxf6 13. Rhe1 Re8 14. Rd3 Nd7 15. Re3 Nf8 16. Ne5 c5 17. Nb5 cxd4 18. Nxd4 Bc5 19. c3 Bxd4 20. cxd4 Rac8+ 21. Kb1 Qf5+ 22. Nd3 Rc4 23. Rf3 Qg6 24. Rf4 e5 25. dxe5 Ne6 26. Qf3 Nxf4 27. gxf4 Re4 28. Rc1 Qf5 29. Qg3 Re6 30. Rc7 Rg6 31. Qf3 Rxe5 32. Qd1 Re4 33. Rxb7 Rxf4 34. Rxa7 Rxf2 35. Ra8+ Kh7 0-1

[Event "IECG QM.2003.0.00055 email"]
[Site "IECG email"]
[Date "2003.03.23"]
[Round "?"]
[White "Francisco, Raul R"]
[Black "Hnatovsky, Nicholas"]
[Result "0-1"]
[WhiteElo "2207"]
[BlackElo "2280"]
[PlyCount "64"]
[EventDate "2003.03.23"]
[EventType "tourn (corr)"]
[EventRounds "6"]
[SourceTitle "Corr 2008"]
[Source "ChessBase"]
[SourceDate "2008.06.24"]
[SourceVersion "1"]
[SourceVersionDate "2008.06.24"]
[SourceQuality "1"]

1. d4 Nf6 2. Nf3 e6 3. Bg5 c5 4. e3 Be7 5. Bd3 h6 6. Bf4 Nc6 7. c3 Nh5 8. dxc5 Nxf4 9. exf4 Bxc5 10. b4 Bb6 11. 0-0 Qf6 12. Qd2 d5 13. Na3 g5 14. fxg5 hxg5 15. Nxg5 Bd7 16. Nb5 Ne5 17. Be2 Bxb5 18. Bxb5+ Ke7 19. Kh1 Ng4 20. h3 Nxf2+ 21. Rxf2 Bxf2 22. Rf1 Rag8 23. a4 Qxg5 24. Qxf2 f5 25. Be2 Qg3 26. Qxg3 Rxg3 27. Bf3 Rc8 28. Re1 Kf6 29. Re3 Rg7 30. g4 f4 31. Rd3 Rgc7 32. Rd4 Kg5 0-1

[Event "IECG CM.2003.0.00214 email"]
[Site "IECG email"]
[Date "2003.03.16"]
[Round "?"]
[White "Dutra Neto, Alfredo Carlos S"]
[Black "Francisco, Raul R"]
[Result "1-0"]
[WhiteElo "2161"]
[BlackElo "2207"]
[PlyCount "81"]
[EventDate "2003.03.16"]
[EventType "tourn (corr)"]
[EventRounds "6"]
[SourceTitle "Corr 2008"]
[Source "ChessBase"]
[SourceDate "2008.06.24"]
[SourceVersion "1"]
[SourceVersionDate "2008.06.24"]
[SourceQuality "1"]

1. d4 Nf6 2. c4 g6 3. Nc3 Bg7 4. e4 d6 5. Nf3 0-0 6. Be2 e5 7. 0-0 Nc6 8. d5 Ne7 9. b4 Nh5 10. Re1 f5 11. Ng5 Nf6 12. Bf3 c6 13. Be3 f4 14. Bc1 h6 15. Ne6 Bxe6 16. dxe6 Nc8 17. b5 Qe7 18. a4 Qxe6 19. Qe2 g5 20. h3 Nb6 21. a5 Nxc4 22. bxc6 b5 23. axb6 Nxb6 24. Nb5 Rf7 25. Ba3 Bf8 26. Bb4 Nc8 27. Ba5 Rb8 28. Rec1 Rg7 29. Nc7 Qf7 30. Qa6 Qb3 31. Be2 Nb6 32. Qxa7 Nc8 33. Qa6 Qb2 34. Bd3 g4 35. Rcb1 Qd4 36. Ne6 Ra7 37. Nxd4 Rxb1+ 38. Rxb1 Rxa6 39. Bxa6 Na7 40. c7 exd4 41. Rb8 1-0

[Event "IECG CM.2003.0.00214 email"]
[Site "IECG email"]
[Date "2003.03.16"]
[Round "?"]
[White "Francisco, Raul R"]
[Black "Demyak, Mykola"]
[Result "0-1"]
[WhiteElo "2207"]
[BlackElo "2209"]
[PlyCount "70"]
[EventDate "2003.03.16"]
[EventType "tourn (corr)"]
[EventRounds "6"]
[SourceTitle "Corr 2008"]
[Source "ChessBase"]
[SourceDate "2008.06.24"]
[SourceVersion "1"]
[SourceVersionDate "2008.06.24"]
[SourceQuality "1"]

1. e4 e5 2. Nf3 Nc6 3. Bb5 a6 4. Ba4 Nf6 5. 0-0 Be7 6. Re1 b5 7. Bb3 d6 8. c3 0-0 9. h3 Na5 10. Bc2 c5 11. d4 Qc7 12. Nbd2 cxd4 13. cxd4 Nc6 14. d5 Nb4 15. Bb1 a5 16. Nf1 Bd7 17. a3 Na6 18. Be3 Nc5 19. Ng3 Rfc8 20. Bc2 b4 21. Qd2 b3 22. Bb1 Bd8 23. Qe2 Qb7 24. Rc1 Bb6 25. Nh4 g6 26. Bg5 Bb5 27. Qd1 Ne8 28. Nf3 Qa7 29. Be3 Na4 30. Rxc8 Rxc8 31. Bxb6 Qxb6 32. Ne1 Bc4 33. Qd2 Qd4 34. Qxd4 exd4 35. Nf3 Nxb2 0-1

[Event "IECC CL2-2003.07 email"]
[Site "IECC email"]
[Date "2003.02.11"]
[Round "?"]
[White "Dambacher, Andreas"]
[Black "Francisco, Raul R"]
[Result "0-1"]
[WhiteElo "1891"]
[BlackElo "1951"]
[PlyCount "60"]
[EventDate "2003.??.??"]
[EventType "tourn (corr)"]
[EventRounds "4"]
[SourceTitle "Corr 2008"]
[Source "ChessBase"]
[SourceDate "2008.06.24"]
[SourceVersion "1"]
[SourceVersionDate "2008.06.24"]
[SourceQuality "1"]

1. e4 c5 2. Nf3 Nc6 3. d4 cxd4 4. Nxd4 Nf6 5. Nc3 d6 6. Bg5 e6 7. Qd2 a6 8. 0-0-0 h6 9. Be3 Bd7 10. f3 b5 11. Nxc6 Bxc6 12. Ne2 Qc7 13. Nd4 Bb7 14. g4 e5 15. Nf5 d5 16. exd5 Nxd5 17. Qe2 g6 18. Ng3 Rc8 19. Rd2 Bb4 20. Rd3 Nxe3 21. Rxe3 0-0 22. Ne4 Qb6 23. Rd3 Rfd8 24. Qd1 Be7 25. Kb1 a5 26. h4 b4 27. b3 a4 28. bxa4 Qa5 29. Nd2 Qxa4 30. h5 Bd5 0-1

[Event "IECC CL2-2003.04 email"]
[Site "IECC email"]
[Date "2003.01.20"]
[Round "?"]
[White "Francisco, Raul R"]
[Black "Cehajic, Mustafa"]
[Result "1/2-1/2"]
[WhiteElo "1958"]
[BlackElo "2112"]
[PlyCount "88"]
[EventDate "2003.??.??"]
[EventType "tourn (corr)"]
[EventRounds "4"]
[SourceTitle "Corr 2008"]
[Source "ChessBase"]
[SourceDate "2008.06.24"]
[SourceVersion "1"]
[SourceVersionDate "2008.06.24"]
[SourceQuality "1"]

1. e4 e5 2. Nf3 Nc6 3. Bb5 a6 4. Ba4 Nf6 5. 0-0 Be7 6. Re1 b5 7. Bb3 Bb7 8. d4 Na5 9. Nxe5 Nxb3 10. axb3 Nxe4 11. Qg4 0-0 12. Bh6 Ng5 13. Bxg5 Bxg5 14. Qxd7 Bf4 15. g3 Bxe5 16. Qxd8 Raxd8 17. dxe5 Rd4 18. Nc3 Rd2 19. Rac1 Rfd8 20. Ne4 Bxe4 21. Rxe4 Kf8 22. b4 Rd1+ 23. Re1 R1d4 24. c3 Rd2 25. Ra1 Rxb2 26. Rxa6 Rdd2 27. Rf1 Ke7 28. Ra7 Kd7 29. Ra8 Rbc2 30. Rh8 g6 31. Rxh7 Ke6 32. f4 Rxc3 33. f5+ gxf5 34. Rh6+ Kd5 35. Rxf5 Rc1+ 36. Rf1 Rxf1+ 37. Kxf1 Rd4 38. Rh4 Rxh4 39. gxh4 Kxe5 40. Kg2 c5 41. bxc5 b4 42. h5 b3 43. h6 Kf6 44. c6 b2 1/2-1/2

[Event "IECC M email"]
[Site "IECC email"]
[Date "2003.01.12"]
[Round "?"]
[White "Francisco, Raul R"]
[Black "Nagley, Tim"]
[Result "1/2-1/2"]
[WhiteElo "2013"]
[BlackElo "2130"]
[PlyCount "95"]
[EventDate "2003.??.??"]
[EventType "tourn (corr)"]
[EventRounds "6"]
[SourceTitle "Corr 2008"]
[Source "ChessBase"]
[SourceDate "2008.06.24"]
[SourceVersion "1"]
[SourceVersionDate "2008.06.24"]
[SourceQuality "1"]

1. e4 d6 2. d4 Nf6 3. Nc3 g6 4. Be3 c6 5. Qd2 b5 6. Bd3 Nbd7 7. Nf3 e5 8. dxe5 dxe5 9. h3 Bb7 10. 0-0 a6 11. a4 Qc7 12. axb5 cxb5 13. Bg5 b4 14. Nd5 Nxd5 15. exd5 Qd6 16. Ra5 h6 17. Bh4 f5 18. Re1 e4 19. Bxe4 fxe4 20. Qd4 Kf7 21. Rxe4 Rh7 22. Re6 Qb8 23. Qg4 Rg7 24. Rb6 Kg8 25. Rxg6 Rxg6 26. Qxg6+ Kh8 27. Qf7 Qe8 28. Bf6+ Nxf6 29. Qxb7 Rd8 30. c4 bxc3 31. bxc3 Qe4 32. Qb6 Rd6 33. Qd4 Qxd4 34. Nxd4 Nxd5 35. Nf5 Rd8 36. Rxa6 Nxc3 37. Nxh6 Kh7 38. Nf7 Rd5 39. h4 Be7 40. Ng5+ Bxg5 41. hxg5 Ne2+ 42. Kf1 Nf4 43. f3 Rxg5 44. g4 Rb5 45. Kf2 Rb3 46. Kg3 Ne2+ 47. Kf2 Nd4 48. Rf6 1/2-1/2

[Event "IECC CL2-2003.03 email"]
[Site "IECC email"]
[Date "2003.01.08"]
[Round "?"]
[White "Francisco, Raul R"]
[Black "Nagley, Tim"]
[Result "1/2-1/2"]
[WhiteElo "2033"]
[BlackElo "2166"]
[PlyCount "64"]
[EventDate "2003.??.??"]
[EventType "tourn (corr)"]
[EventRounds "4"]
[SourceTitle "Corr 2008"]
[Source "ChessBase"]
[SourceDate "2008.06.24"]
[SourceVersion "1"]
[SourceVersionDate "2008.06.24"]
[SourceQuality "1"]

1. e4 e5 2. Nf3 Nf6 3. Nxe5 d6 4. Nf3 Nxe4 5. d4 d5 6. Bd3 Bd6 7. 0-0 0-0 8. h3 Re8 9. Re1 Bf5 10. c4 dxc4 11. Bxc4 Nc6 12. Nc3 Qd7 13. Be3 Bb4 14. Qb3 Bxc3 15. bxc3 Na5 16. Qb4 Nxc4 17. Qxc4 b5 18. Qb3 a5 19. c4 b4 20. Nh4 c6 21. Nxf5 Qxf5 22. a3 c5 23. dxc5 Nxc5 24. Qb1 Qxb1 25. Rexb1 Nd3 26. Rb3 Ne5 27. axb4 Nxc4 28. bxa5 Rxa5 29. Rxa5 Nxa5 30. Rc3 f6 31. Rc7 Re6 32. Kh2 Rc6 1/2-1/2